[Event "27th Summer Universiade 2013 Kazan,Russ"]
[Site "Kazan,Russia"]
[Date "2013.07.11"]
[Round "4.29"]
[White "Vivian, Heinrichs"]
[Black "Yalkanova, Merjen"]
[Result "1-0"]
[WhiteElo "1953"]
[BlackElo "1966"]
[PlyCount "93"]
[EventDate "2013.07.09"]

1. d4 d5 2. c4 e6 3. Nc3 b6 4. cxd5 exd5 5. Nf3 Nf6 6. Bg5 Bb7 7. e3 a6 8. Bd3
Be7 9. O-O O-O 10. Qc2 Nbd7 11. Rab1 Rc8 12. b4 Ne4 13. Bf4 f5 14. a4 Ndf6 15.
Ne5 Nxc3 16. Qxc3 Ne4 17. Bxe4 dxe4 18. Nc6 Qd7 19. b5 a5 20. Rbc1 Bd6 21. Bxd6
Qxd6 22. g3 g5 23. Qc2 Kh8 24. Kh1 Rce8 25. Rfe1 Rf6 26. Qe2 f4 27. Qh5 Rg8 28.
exf4 Rh6 29. Qg4 Qd5 30. fxg5 Bxc6 31. bxc6 Rxg5 32. Qxe4 Qa2 33. Qe8+ Rg8 34.
Qe5+ Rg7 35. Qf4 Qd5+ 36. Kg1 Rxc6 37. Re8+ Rg8 38. Rxg8+ Kxg8 39. Re1 Qd7 40.
h4 Rd6 41. Re4 Qxa4 42. Qg5+ Rg6 43. Qd8+ Kg7 44. Re7+ Kh6 45. Qf8+ Kh5 46.
Qf3+ Kh6 47. Qf4+ 1-0

[Event "27th Summer Universiade 2013 Kazan,Russ"]
[Site "Kazan,Russia"]
[Date "2013.07.11"]
[Round "4.31"]
[White "Mominova, Leyla"]
[Black "Botlhole, Kgalalelo"]
[Result "0-1"]
[WhiteElo "1919"]
[BlackElo "1767"]
[PlyCount "90"]
[EventDate "2013.07.09"]

1. e4 c5 2. Nf3 d6 3. d4 cxd4 4. Nxd4 Nf6 5. Nc3 a6 6. Bg5 Nbd7 7. Qd2 Qc7 8.
Be2 e6 9. f4 Be7 10. Bf3 h6 11. Bxf6 Nxf6 12. O-O-O Rb8 13. h4 Nd7 14. g4 b5
15. g5 b4 16. Nce2 Nc5 17. Kb1 Bb7 18. Ng3 Ba8 19. Qe2 a5 20. Bg4 a4 21. g6 f5
22. Bf3 fxe4 23. Nxe4 Bxe4 24. Bxe4 O-O 25. Nxe6 Nxe6 26. Bd5 Rxf4 27. Qxe6+
Kh8 28. Rde1 Rf2 29. Be4 Rc8 30. Bd3 Bf8 31. Rhf1 Rxf1 32. Rxf1 Qd8 33. Bc4 Be7
34. Rf7 Bf6 35. Rd7 Qb6 36. Qe2 Qd4 37. c3 bxc3 38. bxc3 Qxc3 39. Rc7 Rb8+ 40.
Bb5 Qxc7 41. a3 Qc5 42. Ka2 Qxb5 43. Qxb5 Rxb5 44. h5 Bg5 45. Ka1 d5 0-1

[Event "27th Summer Universiade 2013 Kazan,Russ"]
[Site "Kazan,Russia"]
[Date "2013.07.11"]
[Round "4.33"]
[White "Kim, Minhee"]
[Black "Shyngys Kyzy, Aijarkyn"]
[Result "0-1"]
[WhiteElo "1504"]
[BlackElo "1784"]
[PlyCount "82"]
[EventDate "2013.07.09"]

1. e4 e5 2. Nf3 Nf6 3. Nc3 Bb4 4. Nxe5 O-O 5. d3 d5 6. a3 Bxc3+ 7. bxc3 dxe4 8.
d4 Nbd7 9. Bf4 Nd5 10. Qd2 N7f6 11. Bg5 Qd6 12. c4 Ne7 13. c5 Qe6 14. Bc4 Ned5
15. O-O c6 16. Rfe1 Qf5 17. Be2 h6 18. Bh4 g5 19. Bg3 h5 20. h4 e3 21. Qd3 Ne4
22. Rf1 Nd2 23. Rfd1 Ne4 24. Rf1 Nd2 25. Qxf5 Bxf5 26. Rfd1 f6 27. Nc4 Nc3 28.
Re1 exf2+ 29. Kxf2 Nxe2 30. Rxe2 Nxc4 31. hxg5 fxg5 32. Kg1 Rae8 33. Rf2 Kg7
34. a4 Re4 35. c3 Re3 36. Rc1 Rxg3 37. Re2 Re3 38. Rxe3 Nxe3 39. Re1 Nc4 40.
Kh2 Rf6 41. Rb1 Bxb1 0-1

[Event "27th Summer Universiade in Kazan (Women)"]
[Site "Kazan"]
[Date "2013.07.12"]
[Round "5.1"]
[White "Ju, Wenjun"]
[Black "Bulmaga, Irina"]
[Result "1-0"]
[WhiteElo "2531"]
[BlackElo "2403"]
[PlyCount "127"]
[EventDate "2013.??.??"]

1. Nf3 Nf6 2. c4 e6 3. g3 d5 4. Bg2 Be7 5. O-O O-O 6. d4 dxc4 7. Qc2 a6 8. a4
Bd7 9. Rd1 Bc6 10. Nc3 Bb4 11. Bg5 Nbd7 12. d5 exd5 13. Nxd5 Bxd5 14. Rxd5 Qe8
15. Rdd1 a5 16. Qxc4 c6 17. Qc2 h6 18. Be3 Ne5 19. Nd4 Rd8 20. Nf5 Qe6 21. b3
Neg4 22. Bb6 Rxd1+ 23. Rxd1 c5 24. Rd6 Qe5 25. f4 Qe8 26. Rd8 Qxd8 27. Bxd8
Rxd8 28. h3 Rd2 29. Qc4 Rd1+ 30. Bf1 g6 31. hxg4 gxf5 32. Qc2 Rd2 33. Qxf5 Nd5
34. Bg2 Ne3 35. Qc8+ Kg7 36. Bf3 Rd1+ 37. Kh2 Be1 38. Qxc5 Bf2 39. Qe5+ Kg8 40.
f5 Rg1 41. Kh3 h5 42. gxh5 Rxg3+ 43. Qxg3+ Bxg3 44. Kxg3 Nxf5+ 45. Kf4 Nd4 46.
Bxb7 Nxb3 47. Kg5 Nc5 48. Bc6 Ne6+ 49. Kf6 Nd4 50. Bf3 Kf8 51. Bg4 Nb3 52. Bf5
Nc5 53. h6 Kg8 54. h7+ Kh8 55. Bc2 Ne4+ 56. Kxf7 Nc3 57. e3 Nd5 58. e4 Nb4 59.
e5 Nc6 60. e6 Ne5+ 61. Ke7 Ng4 62. Kd8 Ne5 63. Be4 Kg7 64. e7 1-0

[Event "27th Summer Universiade in Kazan (Women)"]
[Site "Kazan"]
[Date "2013.07.12"]
[Round "5.2"]
[White "Girya, Olga"]
[Black "Zhao, Xue"]
[Result "0-1"]
[WhiteElo "2437"]
[BlackElo "2553"]
[PlyCount "92"]
[EventDate "2013.??.??"]

1. d4 Nf6 2. c4 e6 3. Nf3 b6 4. g3 Bb4+ 5. Bd2 a5 6. Nc3 Ba6 7. b3 d5 8. cxd5
exd5 9. a3 Be7 10. Qc2 c5 11. Bh3 Nc6 12. Be3 O-O 13. O-O Re8 14. Rfd1 h6 15.
Ra2 Bf8 16. Qb1 c4 17. Nd2 Rxe3 18. fxe3 Qe7 19. Nf1 cxb3 20. Qxb3 Bc4 21. Qxb6
Ra6 22. Qb2 Bxa2 23. Qxa2 Qxa3 24. Qxa3 Bxa3 25. Na4 Ne7 26. Nd2 Rc6 27. Nb3
Rc4 28. Nbc5 g5 29. Ra1 Bc1 30. Nb3 Bxe3+ 31. Kf1 Bxd4 32. Nxd4 Rxd4 33. Nb2
Nc6 34. Rc1 Ne5 35. Bf5 Nfg4 36. Ke1 Ne3 37. Rc8+ Kg7 38. Nd3 Nxf5 39. Nxe5 Re4
40. Nf3 a4 41. Ra8 g4 42. Nd2 Rb4 43. Kf2 Rb2 44. Ke1 Ra2 45. e4 dxe4 46. Nxe4
a3 0-1

[Event "27th Summer Universiade in Kazan (Women)"]
[Site "Kazan"]
[Date "2013.07.12"]
[Round "5.3"]
[White "Batchimeg, Tuvshintugs"]
[Black "Bodnaruk, Anastasia"]
[Result "0-1"]
[WhiteElo "2351"]
[BlackElo "2440"]
[PlyCount "68"]
[EventDate "2013.??.??"]

1. d4 Nf6 2. Nf3 g6 3. c4 Bg7 4. Nc3 O-O 5. e4 d6 6. h3 e5 7. d5 Nh5 8. g3 f5
9. exf5 gxf5 10. Be2 Nf6 11. Qc2 Na6 12. Bg5 Nb4 13. Qb3 a5 14. a3 Na6 15. Qc2
Nc5 16. Nh4 Qe8 17. Be3 c6 18. Bxc5 dxc5 19. Nxf5 Bxf5 20. Qxf5 Nxd5 21. Qe4
Nf6 22. Qe3 Rd8 23. Qxc5 Rd4 24. Qxa5 Qe6 25. Rd1 Bh6 26. O-O Bd2 27. Kg2 Kh8
28. Qb4 Rf7 29. Qa4 Qf5 30. Nb1 Ne4 31. Bg4 Qxf2+ 32. Rxf2 Rxf2+ 33. Kg1 Be3
34. Qb3 Re2+ 0-1

[Event "27th Summer Universiade in Kazan (Women)"]
[Site "Kazan"]
[Date "2013.07.12"]
[Round "5.4"]
[White "Stojanovic, Andjelija"]
[Black "Tan, Zhongyi"]
[Result "0-1"]
[WhiteElo "2302"]
[BlackElo "2478"]
[PlyCount "68"]
[EventDate "2013.??.??"]

1. e4 d6 2. d4 Nf6 3. Nc3 g6 4. h3 Bg7 5. Nf3 O-O 6. Be3 a6 7. Bd3 b5 8. Ne2
Bb7 9. Ng3 Nbd7 10. a4 c5 11. c3 cxd4 12. cxd4 e5 13. O-O d5 14. dxe5 Nxe4 15.
axb5 axb5 16. Rxa8 Qxa8 17. Bd4 Qb8 18. Bxe4 dxe4 19. e6 Nf6 20. exf7+ Rxf7 21.
Ng5 Re7 22. Qb3+ Bd5 23. Qb4 Re8 24. Rd1 e3 25. Bxf6 exf2+ 26. Kxf2 Bxf6 27.
Rxd5 Qb6+ 28. Kf1 Bxg5 29. Qb3 Kh8 30. Qc3+ Bf6 31. Qc5 Qe6 32. Rd1 Bxb2 33.
Qxb5 Be5 34. Re1 Rf8+ 0-1

[Event "27th Summer Universiade in Kazan (Women)"]
[Site "Kazan"]
[Date "2013.07.12"]
[Round "5.6"]
[White "Shen, Yang"]
[Black "Mammadyarova, Turkan"]
[Result "1/2-1/2"]
[WhiteElo "2405"]
[BlackElo "2267"]
[PlyCount "70"]
[EventDate "2013.??.??"]

1. d4 d5 2. Nf3 Nf6 3. c4 c6 4. Nc3 e6 5. g3 Nbd7 6. Bg2 dxc4 7. a4 Bb4 8. O-O
O-O 9. Qc2 Qe7 10. Na2 Bd6 11. Qxc4 e5 12. Qc2 c5 13. dxe5 Nxe5 14. Nxe5 Bxe5
15. Be3 Bd4 16. Bxd4 cxd4 17. Qd2 Rd8 18. a5 Bf5 19. Rfe1 Be4 20. Bh3 Rd5 21.
f3 Bg6 22. Nb4 Rb5 23. Ra4 Rd8 24. a6 h5 25. Rea1 Qe3+ 26. Qxe3 dxe3 27. axb7
Rxb7 28. R1a3 Rd4 29. Nc6 Rd1+ 30. Kg2 Nd5 31. Rd4 Rd2 32. Rxd5 Rxd5 33. Rxe3
Rd2 34. b4 Rc2 35. b5 Rxb5 1/2-1/2

[Event "27th Summer Universiade in Kazan (Women)"]
[Site "Kazan"]
[Date "2013.07.12"]
[Round "5.7"]
[White "Savina, Anastasia"]
[Black "Kulon, Klaudia"]
[Result "1-0"]
[WhiteElo "2368"]
[BlackElo "2258"]
[PlyCount "143"]
[EventDate "2013.??.??"]

1. d4 Nf6 2. c4 g6 3. Nc3 d5 4. e3 Bg7 5. Nf3 O-O 6. cxd5 Nxd5 7. Bc4 Nb6 8.
Bb3 c5 9. O-O Bg4 10. h3 cxd4 11. exd4 Bf5 12. Re1 Nc6 13. d5 Na5 14. Bg5 Re8
15. Nd4 Bc8 16. d6 Qxd6 17. Ncb5 Qc5 18. Be3 e5 19. Nf5 Qxb5 20. Bxf7+ Kf8 21.
Nd6 Rd8 22. Nxb5 Rxd1 23. Raxd1 Kxf7 24. Rd8 Nac4 25. Bc5 Be6 26. Rxa8 Nxa8 27.
b3 b6 28. Bb4 Na5 29. Rd1 Nc6 30. Bc3 a6 31. Rd6 Ne7 32. Na7 Nd5 33. Bb2 Nac7
34. Nc6 Bf8 35. Nxe5+ Ke7 36. Rc6 b5 37. Bd4 Bd7 38. Bc5+ Ke8 39. Rxc7 Nxc7 40.
Nxd7 Kxd7 41. Bxf8 Nd5 42. a3 a5 43. Kf1 Kc6 44. g3 Nc3 45. Ke1 Kd5 46. Kd2
Ne4+ 47. Ke3 Ng5 48. Be7 Ne6 49. Kd3 Nd4 50. b4 a4 51. Bf6 Nf5 52. Bb2 Nd6 53.
Bc1 Nf7 54. f4 Nd6 55. g4 Ne4 56. Be3 h5 57. f5 gxf5 58. gxh5 Nf6 59. h6 Nh7
60. Bf4 Nf6 61. Bg5 Nh7 62. h4 Nf8 63. Bf6 Nh7 64. Bb2 f4 65. Bg7 f3 66. Ke3
Kc4 67. Kxf3 Kb3 68. Ke4 Kxa3 69. Kf5 Kxb4 70. Kg6 Ka3 71. Kxh7 b4 72. Bf8 1-0

[Event "27th Summer Universiade in Kazan (Women)"]
[Site "Kazan"]
[Date "2013.07.12"]
[Round "5.8"]
[White "Kazimova, Narmin"]
[Black "Kashlinskaya, Alina"]
[Result "0-1"]
[WhiteElo "2208"]
[BlackElo "2334"]
[PlyCount "72"]
[EventDate "2013.??.??"]

1. Nf3 d5 2. d4 c6 3. c4 e6 4. Nc3 dxc4 5. a4 Bb4 6. e3 b5 7. axb5 cxb5 8. Bd2
Bxc3 9. Bxc3 Bb7 10. b3 a5 11. bxc4 b4 12. Bb2 Nf6 13. Bd3 O-O 14. O-O Nbd7 15.
Nd2 e5 16. Bf5 Qc7 17. Qc2 a4 18. dxe5 Nxe5 19. f4 Qc6 20. Ne4 Nxe4 21. Bxe5
Rfd8 22. Rfd1 a3 23. Qe2 Nf6 24. Bc2 Ne4 25. Rd4 Nc3 26. Qg4 f6 27. Rxd8+ Rxd8
28. Bd4 a2 29. h4 Kh8 30. h5 Bc8 31. f5 h6 32. Kh1 Qxc4 33. Qg6 Nd5 34. Be4 Ne7
35. Qg4 b3 36. Qf4 Rxd4 0-1

[Event "27th Summer Universiade 2013 Kazan,Russ"]
[Site "Kazan,Russia"]
[Date "2013.07.12"]
[Round "5.9"]
[White "Rogule, Laura"]
[Black "Hallaeva, Bahar"]
[Result "1-0"]
[WhiteElo "2329"]
[BlackElo "2150"]
[PlyCount "45"]
[EventDate "2013.07.09"]

1. c4 e5 2. g3 Nf6 3. Bg2 Nc6 4. Nc3 Bb4 5. Nd5 Nxd5 6. cxd5 Ne7 7. Nf3 e4 8.
Ne5 f6 9. Nc4 f5 10. a3 Bc5 11. d3 Nxd5 12. dxe4 Nf6 13. b4 Be7 14. e5 Ne4 15.
Bb2 Ng5 16. f4 Ne6 17. e4 O-O 18. O-O fxe4 19. f5 Ng5 20. Qd5+ Kh8 21. f6 gxf6
22. exf6 Bxf6 23. Rxf6 1-0

[Event "27th Summer Universiade 2013 Kazan,Russ"]
[Site "Kazan,Russia"]
[Date "2013.07.12"]
[Round "5.10"]
[White "Guramishvili, Sopiko"]
[Black "Khalafova, Narmin"]
[Result "1-0"]
[WhiteElo "2421"]
[BlackElo "2107"]
[PlyCount "101"]
[EventDate "2013.07.09"]

1. d4 d5 2. c4 c6 3. Nc3 Nf6 4. e3 e6 5. Nf3 Nbd7 6. Qc2 Bd6 7. Bd3 O-O 8. O-O
dxc4 9. Bxc4 Qc7 10. a4 e5 11. dxe5 Nxe5 12. Nxe5 Bxe5 13. f4 Bxc3 14. bxc3 Re8
15. Bd3 Qe7 16. a5 Bd7 17. Rb1 Rab8 18. Re1 c5 19. c4 Ne4 20. Bb2 h6 21. Be5 f5
22. Bxe4 fxe4 23. Bxb8 Rxb8 24. Red1 Qf7 25. Rd5 Bc6 26. Rxc5 Qf8 27. Re5 Qa3
28. Qb3 Qxb3 29. Rxb3 Kf7 30. Kf2 Rd8 31. Ke2 Rd7 32. Rb2 Rd3 33. Rc5 Ra3 34.
Rd2 a6 35. g4 Ra1 36. Rf5+ Ke6 37. Re5+ Kf7 38. h4 Rh1 39. h5 Rh2+ 40. Kd1 Rh1+
41. Kc2 Re1 42. g5 hxg5 43. fxg5 Rxe3 44. Rd6 Rf3 45. g6+ Kg8 46. Rd8+ Rf8 47.
Rxf8+ Kxf8 48. Kc3 Kg8 49. Kd4 Kf8 50. Rxe4 Bxe4 51. Kxe4 1-0

[Event "27th Summer Universiade 2013 Kazan,Russ"]
[Site "Kazan,Russia"]
[Date "2013.07.12"]
[Round "5.11"]
[White "Davletbayeva, Madina"]
[Black "Arabidze, Meri"]
[Result "1/2-1/2"]
[WhiteElo "2260"]
[BlackElo "2320"]
[PlyCount "86"]
[EventDate "2013.07.09"]

1. e4 c5 2. Nf3 e6 3. d4 cxd4 4. Nxd4 a6 5. Nc3 Qc7 6. g3 Nc6 7. Bg2 h5 8. O-O
h4 9. Re1 hxg3 10. hxg3 d6 11. Nxc6 bxc6 12. Na4 Bb7 13. c4 c5 14. a3 Rd8 15.
Bf4 Be7 16. Rc1 e5 17. Be3 f5 18. Nc3 Nf6 19. Bg5 Nxe4 20. Nxe4 Bxe4 21. Bxe7
Qxe7 22. Bxe4 fxe4 23. Rxe4 Qe6 24. Qf3 Rb8 25. Rce1 Rf8 26. Qh5+ g6 27. Qe2
Rb7 28. Qc2 Rbf7 29. Qa4+ Qd7 30. Qxa6 Rxf2 31. Qa8+ Ke7 32. Qd5 R2f5 33. b4
cxb4 34. axb4 Qe6 35. Qb7+ Kf6 36. Qh7 Qf7 37. Qxf7+ Rxf7 38. Kg2 Ke6 39. R1e2
Rf8 40. Rg4 g5 41. Rge4 Rb8 42. c5 dxc5 43. bxc5 Kf6 1/2-1/2

[Event "27th Summer Universiade 2013 Kazan,Russ"]
[Site "Kazan,Russia"]
[Date "2013.07.12"]
[Round "5.12"]
[White "Djukic, Sandra"]
[Black "Przezdziecka, Marta"]
[Result "1/2-1/2"]
[WhiteElo "2197"]
[BlackElo "2297"]
[PlyCount "74"]
[EventDate "2013.07.09"]

1. c4 d6 2. Nc3 Nf6 3. d4 Nbd7 4. e4 e5 5. d5 Be7 6. g3 c6 7. Bg2 O-O 8. Nge2
a6 9. O-O cxd5 10. exd5 Nb6 11. b3 Bg4 12. h3 Bh5 13. Be3 Nfd7 14. Qd2 Rc8 15.
g4 Bg6 16. Ng3 Nc5 17. Nce4 Nxe4 18. Bxe4 Nd7 19. Rac1 Bxe4 20. Nxe4 f5 21.
gxf5 Rxf5 22. Kg2 Qe8 23. Qe2 Nf8 24. Qg4 Ng6 25. Rg1 Qf8 26. Kh1 Rd8 27. Rg3
Qf7 28. Rcg1 Rf8 29. Qd1 Kh8 30. b4 b6 31. Bxb6 Rf4 32. Qe2 Qf5 33. Rg4 Bh4 34.
Ng3 Qd7 35. Be3 Rf3 36. Kg2 Qf7 37. Kh2 Qd7 1/2-1/2

[Event "27th Summer Universiade 2013 Kazan,Russ"]
[Site "Kazan,Russia"]
[Date "2013.07.12"]
[Round "5.13"]
[White "Vo, Thi Kim Phung"]
[Black "Sgircea, Silvia-Raluca"]
[Result "1-0"]
[WhiteElo "2199"]
[BlackElo "2261"]
[PlyCount "69"]
[EventDate "2013.07.09"]

1. d4 d5 2. Bf4 Nf6 3. e3 e6 4. Nf3 Bd6 5. Ne5 Qe7 6. Nd2 c5 7. c3 O-O 8. Bd3
b6 9. Qe2 Bb7 10. Bg5 h6 11. Bh4 Qd8 12. O-O Be7 13. Bxf6 Bxf6 14. f4 Nd7 15.
Nxd7 Qxd7 16. Nf3 g6 17. Ne5 Qc8 18. Rf3 a5 19. Raf1 Bg7 20. Rg3 Ba6 21. h4
Bxd3 22. Qxd3 Qd8 23. h5 Bxe5 24. fxe5 Qh4 25. Rh3 Qg5 26. Rf6 Kg7 27. Qe2 Rac8
28. Qf2 Qg4 29. Rhf3 Qxh5 30. Rxf7+ Rxf7 31. Rxf7+ Kg8 32. Qf6 Qd1+ 33. Kf2
Qd2+ 34. Kg3 Qxe3+ 35. Kh2 1-0

[Event "27th Summer Universiade 2013 Kazan,Russ"]
[Site "Kazan,Russia"]
[Date "2013.07.12"]
[Round "5.14"]
[White "Garcia Morales, Ivette Ale"]
[Black "Nakhbayeva, Guliskhan"]
[Result "1-0"]
[WhiteElo "2072"]
[BlackElo "2354"]
[PlyCount "109"]
[EventDate "2013.07.09"]

1. d4 Nf6 2. c4 e6 3. g3 Bb4+ 4. Bd2 a5 5. Bg2 d6 6. Nf3 Nbd7 7. O-O e5 8. Nc3
O-O 9. Qc2 Re8 10. e4 exd4 11. Nxd4 h6 12. Rad1 Ne5 13. Na4 Bd7 14. Nb5 Bc6 15.
Bc3 Qd7 16. b3 Neg4 17. Bd4 Bxb5 18. cxb5 Qxb5 19. h3 Ne5 20. f4 Ned7 21. e5
Nh5 22. Kh2 dxe5 23. fxe5 Nxe5 24. Rf5 Nxg3 25. Kxg3 Bd6 26. Kf2 g6 27. Bf1 Qc6
28. Qxc6 Nxc6 29. Rb5 Nxd4 30. Rxd4 b6 31. Nxb6 Rad8 32. Nd5 Kg7 33. Rc4 a4 34.
bxa4 c5 35. Bg2 g5 36. Be4 f5 37. Bd3 Bb8 38. Rcxc5 Rd7 39. Bc4 g4 40. Rc6 g3+
41. Kf3 Be5 42. Rbb6 Bd4 43. Rg6+ Kf8 44. Rbe6 Rxe6 45. Rxe6 Rg7 46. Nf4 Rc7
47. Ng6+ Kg7 48. Re7+ Rxe7 49. Nxe7 Kf6 50. Nc6 Bf2 51. a5 Kg5 52. a6 Kh4 53.
Kg2 f4 54. Be2 h5 55. a4 1-0

[Event "27th Summer Universiade 2013 Kazan,Russ"]
[Site "Kazan,Russia"]
[Date "2013.07.12"]
[Round "5.15"]
[White "Kulovana, Eva"]
[Black "Anusca, Madalina-Maria"]
[Result "1-0"]
[WhiteElo "2272"]
[BlackElo "2042"]
[PlyCount "51"]
[EventDate "2013.07.09"]

1. e4 c5 2. Nf3 Nc6 3. d4 cxd4 4. Nxd4 g6 5. c4 Nf6 6. Nc3 Nxd4 7. Qxd4 d6 8.
Be2 Bg7 9. Be3 O-O 10. Qd2 Be6 11. f3 Qa5 12. Rc1 Rfc8 13. b3 a6 14. Na4 Qxd2+
15. Kxd2 Nd7 16. g4 f5 17. gxf5 gxf5 18. Rhg1 Kh8 19. Nc3 fxe4 20. fxe4 Nc5 21.
Rxg7 Kxg7 22. Rg1+ Kf8 23. Bh5 Bf7 24. Rf1 Ke8 25. Rxf7 Kd8 26. Bg5 1-0

[Event "27th Summer Universiade 2013 Kazan,Russ"]
[Site "Kazan,Russia"]
[Date "2013.07.12"]
[Round "5.16"]
[White "Dudas, Eszter"]
[Black "Jelsen, Yemi"]
[Result "1-0"]
[WhiteElo "2266"]
[BlackElo "2009"]
[PlyCount "51"]
[EventDate "2013.07.09"]

1. e4 c5 2. Nf3 d6 3. d4 cxd4 4. Qxd4 Nc6 5. Bb5 Bd7 6. Bxc6 Bxc6 7. Nc3 h6 8.
Qd3 Nf6 9. Nd4 e5 10. Nf5 d5 11. Qg3 Bd6 12. exd5 Nxd5 13. Nxd5 Bxd5 14. Qxg7
Kd7 15. Nxd6 Kxd6 16. Bd2 Rg8 17. Qxh6+ Rg6 18. Qe3 Rxg2 19. O-O-O Qh4 20. Bc3
Qg5 21. Rhe1 f6 22. h4 Qxe3+ 23. Rxe3 Kc6 24. Red3 Rd8 25. Bb4 Rd7 26. c4 1-0

[Event "27th Summer Universiade 2013 Kazan,Russ"]
[Site "Kazan,Russia"]
[Date "2013.07.12"]
[Round "5.17"]
[White "Andrenko, Irina"]
[Black "Ton, Nu Hong An"]
[Result "0-1"]
[WhiteElo "2253"]
[BlackElo "1995"]
[PlyCount "70"]
[EventDate "2013.07.09"]

1. e4 e5 2. Nf3 Nc6 3. Bc4 Nf6 4. d3 Be7 5. O-O O-O 6. c3 d5 7. exd5 Nxd5 8. h3
a6 9. Re1 Bf6 10. Bb3 Bf5 11. Bc2 Qd7 12. Nbd2 Rad8 13. Ne4 Rfe8 14. Qe2 Bg6
15. Nxf6+ Nxf6 16. Rd1 Bh5 17. Bg5 Qf5 18. Bxf6 Qxf6 19. g4 Bg6 20. Re1 Qf4 21.
Qe3 Qxe3 22. Rxe3 f6 23. Nh4 Bf7 24. Nf5 Kf8 25. Ng3 Ne7 26. Ne2 Nd5 27. Rf3
Bg6 28. Kf1 c6 29. Re1 Nc7 30. h4 Ne6 31. h5 Bf7 32. d4 exd4 33. Bxh7 Ng5 34.
Rg3 Nxh7 35. cxd4 Re4 0-1

[Event "27th Summer Universiade 2013 Kazan,Russ"]
[Site "Kazan,Russia"]
[Date "2013.07.12"]
[Round "5.18"]
[White "Vasile, Teodora"]
[Black "Umudova, Nargiz"]
[Result "0-1"]
[WhiteElo "1938"]
[BlackElo "2253"]
[PlyCount "62"]
[EventDate "2013.07.09"]

1. e4 c6 2. d4 d5 3. Nd2 dxe4 4. Nxe4 Nd7 5. Nf3 Ngf6 6. Ng3 g6 7. Bd3 Bg7 8.
c3 O-O 9. h4 Re8 10. Kf1 e5 11. dxe5 Nxe5 12. Nxe5 Rxe5 13. Qc2 Rd5 14. Be2 Bg4
15. f3 Qc7 16. Kf2 Bf8 17. Be3 Bd6 18. Nf1 Bf5 19. Qb3 Bf4 20. c4 Rd7 21. g4
Be6 22. Qc3 Bxe3+ 23. Qxe3 Re8 24. Qc1 Qb6+ 25. c5 Qb4 26. h5 Qd4+ 27. Qe3 Qxb2
28. Ng3 Nd5 29. Qh6 Qd4+ 30. Kf1 Qxa1+ 31. Kg2 Qg7 0-1

[Event "27th Summer Universiade 2013 Kazan,Russ"]
[Site "Kazan,Russia"]
[Date "2013.07.12"]
[Round "5.19"]
[White "Mader, Manuela"]
[Black "Khulan, Enkhsaikhan"]
[Result "1-0"]
[WhiteElo "2212"]
[BlackElo "1866"]
[PlyCount "73"]
[EventDate "2013.07.09"]

1. e4 e6 2. d4 d5 3. Nd2 a6 4. Ngf3 Nf6 5. exd5 exd5 6. Bd3 Bd6 7. O-O O-O 8.
c4 Nc6 9. h3 Bf4 10. c5 Re8 11. a3 Ne4 12. Re1 Bf5 13. Nf1 Bxc1 14. Rxc1 Bg6
15. Bb1 Qf6 16. Ne3 Rad8 17. Ba2 Ne7 18. Ng4 Qf4 19. Qb3 Bh5 20. Qxb7 Bxg4 21.
hxg4 Rb8 22. Qxa6 Rxb2 23. Qa4 c6 24. Rc2 Rxc2 25. Qxc2 Qxg4 26. Ne5 Qc8 27.
Rxe4 dxe4 28. Bxf7+ Kf8 29. Bxe8 Kxe8 30. Qxe4 g6 31. Qh4 h5 32. Qf6 Qf5 33.
Qd6 Qb1+ 34. Kh2 Qf5 35. Nxc6 Nxc6 36. Qxc6+ Ke7 37. Qd6+ 1-0

[Event "27th Summer Universiade 2013 Kazan,Russ"]
[Site "Kazan,Russia"]
[Date "2013.07.12"]
[Round "5.20"]
[White "Chirivi C, Jenny Astrid"]
[Black "Vivian, Heinrichs"]
[Result "1-0"]
[WhiteElo "2205"]
[BlackElo "1953"]
[PlyCount "91"]
[EventDate "2013.07.09"]

1. d4 Nf6 2. c4 g6 3. Nc3 Bg7 4. e4 d6 5. Bd3 c6 6. Nge2 a6 7. a4 a5 8. f3 Na6
9. O-O O-O 10. Ra3 e5 11. d5 Qc7 12. Be3 Nd7 13. Kh1 Ndc5 14. Bb1 f5 15. exf5
Bxf5 16. Ng3 Kh8 17. Nce4 cxd5 18. cxd5 Bxe4 19. Bxe4 b6 20. Rc3 Qd7 21. b3 b5
22. axb5 Qxb5 23. h4 Rac8 24. h5 Nxe4 25. Nxe4 Rxc3 26. Nxc3 Qb4 27. Ne4 gxh5
28. Qd3 Nc5 29. Bxc5 dxc5 30. d6 Rd8 31. g3 h6 32. Rd1 Qd4 33. Qe2 Qb4 34. Qc2
h4 35. gxh4 Bf8 36. Kg2 Kg7 37. Qb2 Kh8 38. Qxe5+ Bg7 39. Qe6 Qa3 40. d7 Kh7
41. Kh3 Qb2 42. h5 Rf8 43. Qg6+ Kh8 44. d8=Q Qe2 45. Qxf8+ Bxf8 46. Qf6+ 1-0

[Event "27th Summer Universiade 2013 Kazan,Russ"]
[Site "Kazan,Russia"]
[Date "2013.07.12"]
[Round "5.22"]
[White "Velieva, Hurma"]
[Black "Motycakova, Monika"]
[Result "1/2-1/2"]
[WhiteElo "1988"]
[BlackElo "2135"]
[PlyCount "137"]
[EventDate "2013.07.09"]

1. e4 e5 2. Nf3 Nc6 3. Bb5 a6 4. Ba4 Nf6 5. O-O Be7 6. Re1 b5 7. Bb3 d6 8. c3
O-O 9. h3 Nb8 10. d4 Nbd7 11. Nbd2 Bb7 12. Bc2 Re8 13. Nf1 Bf8 14. Ng3 g6 15.
b3 c5 16. d5 Nb6 17. Nh2 c4 18. Qf3 cxb3 19. axb3 Bg7 20. Nhf1 Qc7 21. Bd2 Nfd7
22. Ne3 Rec8 23. Rec1 Qd8 24. Ng4 Qh4 25. Qe2 Rc5 26. Be3 Rc7 27. Qd2 Qd8 28.
Nh6+ Kf8 29. Bd1 Nc5 30. Rab1 a5 31. Be2 Ba6 32. b4 axb4 33. cxb4 Nca4 34. Ng4
h5 35. Nh2 Rxc1+ 36. Rxc1 Nc4 37. Bxc4 bxc4 38. Ne2 Rb8 39. Rb1 Nc5 40. Bxc5
dxc5 41. Ra1 cxb4 42. Rxa6 c3 43. Nxc3 bxc3 44. Qxc3 Kg8 45. Nf3 Qe8 46. Rc6
Bh6 47. g3 Bg7 48. Nd2 Qd8 49. Nb3 h4 50. g4 Bh6 51. Qc2 Qg5 52. Kg2 Bf8 53.
Nc5 Bxc5 54. Rxc5 Kg7 55. d6 Rd8 56. Qd3 Rd7 57. Qd5 Qf6 58. Rc6 Kh7 59. Ra6
Kg7 60. Qc6 Qe6 61. Qc5 g5 62. Qb4 Qe8 63. Qd2 Kg6 64. Qd5 Kf6 65. Qc6 Qe6 66.
Qb6 Qc4 67. Qc6 Qxc6 68. Rxc6 Ke6 69. Rc1 1/2-1/2

[Event "27th Summer Universiade 2013 Kazan,Russ"]
[Site "Kazan,Russia"]
[Date "2013.07.12"]
[Round "5.24"]
[White "Botlhole, Kgalalelo"]
[Black "Martinez, Ayelen"]
[Result "0-1"]
[WhiteElo "1767"]
[BlackElo "2103"]
[PlyCount "50"]
[EventDate "2013.07.09"]

1. d4 Nf6 2. c4 g6 3. Nc3 Bg7 4. e4 d6 5. Nf3 O-O 6. Be2 c6 7. O-O e5 8. Qc2
exd4 9. Nxd4 Re8 10. Rd1 Nbd7 11. Bg5 Qa5 12. Nf3 Nc5 13. Bd3 Bg4 14. Bf4 Rad8
15. a3 Ne6 16. Be3 Bxf3 17. gxf3 Qh5 18. Bf1 Qxf3 19. Bg2 Qg4 20. f3 Qh4 21.
Bf2 Qh6 22. Qb3 Nf4 23. Qxb7 Rb8 24. Qxa7 Rxb2 25. Qe3 Qg5 0-1

[Event "27th Summer Universiade 2013 Kazan,Russ"]
[Site "Kazan,Russia"]
[Date "2013.07.12"]
[Round "5.25"]
[White "Soloviova, Lisa"]
[Black "Mona, Khaled"]
[Result "1-0"]
[WhiteElo "2296"]
[BlackElo "2100"]
[PlyCount "53"]
[EventDate "2013.07.09"]

1. Nf3 Nf6 2. d3 Nc6 3. c3 e5 4. Nbd2 a5 5. e4 Bc5 6. Be2 a4 7. O-O d6 8. h3 h6
9. Re1 g5 10. d4 exd4 11. e5 dxc3 12. bxc3 dxe5 13. Bb5 Bd7 14. Bxc6 Bxc6 15.
Rxe5+ Be7 16. Ba3 Ng8 17. Qe2 f6 18. Rxe7+ Nxe7 19. Re1 Rh7 20. Nd4 Ra5 21. Nc4
Rd5 22. Ne6 Qb8 23. Bxe7 Kxe7 24. Nxg5+ Kd8 25. Nxh7 b6 26. Nxf6 Rg5 27. Qe8+
1-0

[Event "27th Summer Universiade 2013 Kazan,Russ"]
[Site "Kazan,Russia"]
[Date "2013.07.12"]
[Round "5.26"]
[White "Battsetseg, Urjinbadam"]
[Black "Siradze, Salome"]
[Result "0-1"]
[WhiteElo "1703"]
[BlackElo "2069"]
[PlyCount "86"]
[EventDate "2013.07.09"]

1. d4 Nf6 2. c4 g6 3. Nc3 Bg7 4. e4 d6 5. f3 O-O 6. Be3 e5 7. d5 Nh5 8. Qd2 f5
9. O-O-O a6 10. Kb1 Bd7 11. Rc1 b5 12. c5 b4 13. Nd1 fxe4 14. cxd6 cxd6 15.
Qxb4 exf3 16. Nxf3 Bf5+ 17. Ka1 Nf4 18. Nc3 a5 19. Qa4 Na6 20. g3 Nd3 21. Bxd3
Bxd3 22. Ng5 Bf5 23. g4 Bd7 24. Qe4 Rb8 25. a3 Nc5 26. Bxc5 dxc5 27. h4 Qb6 28.
Rh2 Rf4 29. Qe3 Rxg4 30. Nce4 Rxh4 31. Rf2 Rf4 32. Rh2 h6 33. Nf3 Rxe4 34. Qxe4
Bf5 35. Qe2 e4 36. Nh4 Bg4 37. Qg2 Qb3 38. Rc2 Bxb2+ 39. Rxb2 Qd1+ 40. Ka2
Qxd5+ 41. Kb1 Qd1+ 42. Ka2 Be6+ 43. Rb3 Qxb3+ 0-1